[Event "76. Campeonato de Alemania"]
[Site "Altenkirchen GER"]
[Date "2005.02.25"]
[Round "8.16"]
[White "Deglmann, Ludwig"]
[Black "Handke, Florian"]
[Result "0-1"]
[WhiteElo "2361"]
[BlackElo "2488"]
[PlyCount "84"]
[EventDate "2005.02.18"]
[EventType "swiss"]
[EventRounds "9"]
[EventCountry "GER"]
[Source "lmi"]
[SourceDate "2005.02.23"]

1. g3 e5 2. Bg2 d5 3. d3 Nf6 4. Nf3 Bd6 5. O-O O-O 6. Nc3 Re8 7. e4 d4 8. Ne2
c5 9. c4 dxc3 10. bxc3 c4 11. d4 exd4 12. Nfxd4 a6 13. Nf5 Bxf5 14. exf5 Nc6
15. Bf4 Bc5 16. Bf3 Ne4 17. Kg2 Qf6 18. Qb1 Qe7 19. Qc2 Ng5 20. Bxc6 bxc6 21.
Nd4 h6 22. Rae1 Qf6 23. h4 Nh7 24. Nf3 Bd6 25. Re4 Rxe4 26. Qxe4 Bxf4 27. Qxf4
Qxc3 28. Rc1 Qa5 29. Qxc4 Rc8 30. Rb1 Qxf5 31. Qxa6 Nf6 32. Rb6 Qe6 33. a4 Nd5
34. Rb1 Qg4 35. Ng1 Rd8 36. Rc1 Ne3+ 37. Kh2 Rd2 38. Nh3 Qf3 39. Qxc6 Ng4+ 40.
Kg1 Rd1+ 41. Rxd1 Qxc6 42. Rd4 Ne5 0-1

[Event "76. Campeonato de Alemania"]
[Site "Altenkirchen GER"]
[Date "2005.02.25"]
[Round "8.17"]
[White "Schunk, Eduard"]
[Black "Solonar, Stephan"]
[Result "1/2-1/2"]
[WhiteElo "2337"]
[BlackElo "2393"]
[PlyCount "132"]
[EventDate "2005.02.18"]
[EventType "swiss"]
[EventRounds "9"]
[EventCountry "GER"]
[Source "lmi"]
[SourceDate "2005.02.23"]

1. e4 c5 2. Nf3 Nc6 3. Bb5 g6 4. O-O Bg7 5. Nc3 e5 6. d3 Nge7 7. Ne1 O-O 8. f4
d5 9. Bxc6 bxc6 10. fxe5 Bxe5 11. Bh6 Bg7 12. Qd2 c4 13. Bxg7 Kxg7 14. dxc4
dxc4 15. Qf4 Qb6+ 16. Kh1 Qxb2 17. Qf6+ Kg8 18. Nf3 h6 19. h3 Qa3 20. Ne2 Kh7
21. Ned4 Qc5 22. Rad1 Ng8 23. Qxc6 Qxc6 24. Nxc6 Nf6 25. e5 Ne4 26. Kh2 Be6 27.
Rfe1 Nc3 28. Rd6 Nb5 29. Rdd1 Rfc8 30. Ncd4 Nc3 31. Rd2 Rd8 32. Nxe6 Rxd2 33.
Nxd2 fxe6 34. Nxc4 Rc8 35. Nd6 Rc5 36. Rf1 a5 37. Rf7+ Kg8 38. Rf6 Rxe5 39.
Rxg6+ Kh7 40. Rg3 Nxa2 41. c4 Nc1 42. Ne8 h5 43. Nf6+ Kh6 44. Ng8+ Kh7 45. Nf6+
Kh6 46. Nd7 Re4 47. c5 h4 48. Rg4 Rxg4 49. hxg4 a4 50. c6 a3 51. c7 a2 52. c8=Q
a1=Q 53. Qd8 Nd3 54. Qxh4+ Kg6 55. Qe7 Nf4 56. Nf8+ Kh6 57. Qh7+ Kg5 58. Qg8+
Kh6 59. Qh7+ Kg5 60. Qg8+ Kh6 61. Nxe6 Nxe6 62. Qxe6+ Kg7 63. g5 Qc1 64. Qf6+
Kg8 65. g6 Qh1+ 66. Kg3 Qxg2+ 1/2-1/2

[Event "76. Campeonato de Alemania"]
[Site "Altenkirchen GER"]
[Date "2005.02.25"]
[Round "8.18"]
[White "Schneider, Bernd"]
[Black "Ljubarskij, Juri"]
[Result "1-0"]
[WhiteElo "2293"]
[BlackElo "2348"]
[PlyCount "87"]
[EventDate "2005.02.18"]
[EventType "swiss"]
[EventRounds "9"]
[EventCountry "GER"]
[Source "lmi"]
[SourceDate "2005.02.23"]

1. e4 e5 2. Nc3 Nf6 3. Bc4 Nc6 4. d3 Na5 5. Bb3 Bc5 6. Bg5 h6 7. Bh4 c6 8. Qe2
Nxb3 9. axb3 Be7 10. Bg3 d6 11. h3 O-O 12. Nf3 Re8 13. O-O a6 14. Rfd1 c5 15.
Nh2 g5 16. Ng4 Nxg4 17. hxg4 Be6 18. Nd5 Bxd5 19. exd5 Qd7 20. Qe4 Rf8 21. b4
cxb4 22. Qxb4 Rac8 23. c3 Rc5 24. Qe4 f5 25. gxf5 Qxf5 26. f3 Rb5 27. b4 Qf7
28. Bf2 Rc8 29. Ra3 Bd8 30. Rb1 a5 31. Rab3 Ra8 32. Ra3 Ra6 33. Qc4 axb4 34.
Rxa6 bxa6 35. Qc8 Qc7 36. Qxa6 Rxd5 37. Qa2 Qa5 38. Qc4 bxc3 39. Rb8 Kg7 40.
Rxd8 c2 41. Rd7+ Kf6 42. Qxc2 e4 43. Qb2+ Re5 44. dxe4 1-0

[Event "76. Campeonato de Alemania"]
[Site "Altenkirchen GER"]
[Date "2005.02.25"]
[Round "8.20"]
[White "Leiber, Bernhard"]
[Black "Scherer, Max"]
[Result "0-1"]
[WhiteElo "2230"]
[BlackElo "2325"]
[PlyCount "122"]
[EventDate "2005.02.18"]
[EventType "swiss"]
[EventRounds "9"]
[EventCountry "GER"]
[Source "lmi"]
[SourceDate "2005.02.23"]

1. d4 e6 2. e4 b6 3. Bd3 Bb7 4. Ne2 c5 5. c3 Nf6 6. Nd2 Nc6 7. O-O g5 8. e5 Ng4
9. Ne4 Rg8 10. f3 Ngxe5 11. dxe5 Nxe5 12. c4 f5 13. N4c3 Qc7 14. Ng3 O-O-O 15.
Qe2 a6 16. Rd1 h5 17. Bxf5 exf5 18. Nd5 Bxd5 19. Rxd5 Re8 20. f4 gxf4 21. Bxf4
d6 22. Qxh5 Qf7 23. Qxf7 Nxf7 24. Rxf5 Nd8 25. Rd1 Rg6 26. Kf2 Nc6 27. Ne2 Kd7
28. Rd2 Bg7 29. g3 Bd4+ 30. Nxd4 Nxd4 31. Rf7+ Kc6 32. Be3 Ne6 33. Rf5 b5 34.
b3 bxc4 35. bxc4 Rg4 36. Rfd5 Rd8 37. Rc2 Rf8+ 38. Kg2 Re4 39. Rd3 Nd4 40. Bxd4
cxd4 41. Ra3 Rfe8 42. Rxa6+ Kc7 43. Ra3 Kc6 44. Kf2 Rf8+ 45. Kg2 Rfe8 46. h4
Re3 47. Rxe3 dxe3 48. Kf3 Kc5 49. Rc1 Kd4 50. Ke2 Ra8 51. Ra1 Rb8 52. Rd1+ Ke4
53. Rxd6 Rb2+ 54. Ke1 Rb1+ 55. Rd1 Rb2 56. Rd7 Rb1+ 57. Ke2 Rb2+ 58. Kf1 Rb1+
59. Kg2 e2 60. Re7+ Kd3 61. Rd7+ Kxc4 0-1

[Event "76. Campeonato de Alemania"]
[Site "Altenkirchen GER"]
[Date "2005.02.25"]
[Round "8.22"]
[White "Heidorn, Oliver"]
[Black "Schmidt, Reiner"]
[Result "1/2-1/2"]
[WhiteElo "2111"]
[BlackElo "2183"]
[PlyCount "29"]
[EventDate "2005.02.18"]
[EventType "swiss"]
[EventRounds "9"]
[EventCountry "GER"]
[Source "lmi"]
[SourceDate "2005.02.23"]

1. f4 d5 2. Nf3 Nf6 3. e3 Bg4 4. Be2 Bxf3 5. Bxf3 Nbd7 6. b3 e5 7. fxe5 Nxe5 8.
Bb2 Bd6 9. Nc3 c6 10. O-O Qe7 11. a4 O-O 12. Ne2 Nxf3+ 13. Rxf3 Be5 14. Bxe5
Qxe5 15. Rh3 1/2-1/2

[Event "76. Campeonato de Alemania"]
[Site "Altenkirchen GER"]
[Date "2005.02.26"]
[Round "9.2"]
[White "Gustafsson, Jan"]
[Black "Kritz, Leonid"]
[Result "1-0"]
[WhiteElo "2616"]
[BlackElo "2547"]
[PlyCount "95"]
[EventDate "2005.02.18"]
[EventType "swiss"]
[EventRounds "9"]
[EventCountry "GER"]
[Source "lmi"]
[SourceDate "2005.02.23"]

1. d4 d5 2. c4 c6 3. Nf3 Nf6 4. cxd5 cxd5 5. Nc3 Nc6 6. Bf4 Bf5 7. e3 e6 8. Qb3
Qb6 9. Qxb6 axb6 10. Bb5 Nd7 11. Nh4 Bg4 12. h3 Bh5 13. g4 Bg6 14. O-O Be7 15.
Nxg6 hxg6 16. Kg2 O-O 17. Rac1 Rfc8 18. a3 Ra5 19. Bd3 e5 20. dxe5 Ncxe5 21.
Be2 Bf8 22. Rfd1 f6 23. Bg3 Rc6 24. a4 Bb4 25. Bb5 Bxc3 26. bxc3 Rd6 27. c4 Nc5
28. cxd5 Nxa4 29. Rc8+ Kh7 30. Bxa4 Rxa4 31. g5 Rd7 32. Bxe5 fxe5 33. Re8 b5
34. Rxe5 Kg8 35. d6 b4 36. Rd4 Ra6 37. Rf4 Rd8 38. Rxb4 Raxd6 39. Rxb7 Rd5 40.
Rxd5 Rxd5 41. h4 Rd8 42. Kg3 Kh7 43. Rb6 Rb8 44. Rd6 Rb5 45. Re6 Ra5 46. Rc6
Rb5 47. Rc1 Ra5 48. f4 1-0

[Event "76. Campeonato de Alemania"]
[Site "Altenkirchen GER"]
[Date "2005.02.26"]
[Round "9.4"]
[White "Baramidze, David"]
[Black "Khenkin, Igor"]
[Result "1/2-1/2"]
[WhiteElo "2550"]
[BlackElo "2604"]
[PlyCount "110"]
[EventDate "2005.02.18"]
[EventType "swiss"]
[EventRounds "9"]
[EventCountry "GER"]
[Source "lmi"]
[SourceDate "2005.02.23"]

1. e4 c5 2. Nf3 Nc6 3. d4 cxd4 4. Nxd4 Qb6 5. Nb3 Nf6 6. Nc3 e6 7. a3 Be7 8.
Be2 O-O 9. Be3 Qc7 10. f4 d6 11. Qd2 a6 12. O-O-O Rd8 13. Bf3 b5 14. g4 b4 15.
axb4 Nxb4 16. g5 Nd7 17. h4 Nc5 18. Nxc5 dxc5 19. Qe2 Bd7 20. Kb1 Qa5 21. Qf2
Rab8 22. h5 c4 23. Bc1 Ba4 24. Rxd8+ Rxd8 25. Bd1 Rxd1 26. Rxd1 Bxc2+ 27. Qxc2
Nxc2 28. Kxc2 h6 29. gxh6 gxh6 30. f5 exf5 31. Rd5 Qc7 32. Rxf5 Qg3 33. Bxh6
Qd3+ 34. Kc1 Bb4 35. Bd2 Bxc3 36. Bxc3 Qe3+ 37. Bd2 Qxe4 38. Rg5+ Kh7 39. Rg1
c3 40. bxc3 Qa4 41. Rg3 Qh4 42. Rg5 Qh1+ 43. Kc2 f5 44. Rg6 a5 45. Rh6+ Kg8 46.
Rg6+ Kh7 47. Rh6+ Kg8 48. Rg6+ Kf7 49. Ra6 Qe4+ 50. Kc1 Qh1+ 51. Kc2 Qe4+ 52.
Kc1 f4 53. h6 f3 54. h7 Kg7 55. Rh6 Kh8 1/2-1/2

[Event "76. Campeonato de Alemania"]
[Site "Altenkirchen GER"]
[Date "2005.02.26"]
[Round "9.5"]
[White "Prusikin, Michael"]
[Black "Sprenger, Jan Michael"]
[Result "1/2-1/2"]
[WhiteElo "2540"]
[BlackElo "2491"]
[PlyCount "69"]
[EventDate "2005.02.18"]
[EventType "swiss"]
[EventRounds "9"]
[EventCountry "GER"]
[Source "lmi"]
[SourceDate "2005.02.23"]

1. d4 Nf6 2. Nf3 e6 3. e3 b6 4. Bd3 Bb7 5. O-O c5 6. c4 Be7 7. Nc3 cxd4 8. exd4
d5 9. cxd5 Nxd5 10. Ne5 O-O 11. Qh5 Nf6 12. Qh4 Ne4 13. Qh3 Qxd4 14. Nxf7 Rxf7
15. Bxe4 Bxe4 16. Qg4 Nc6 17. Qxe4 Qxe4 18. Nxe4 Nb4 19. Bd2 Nd3 20. Bc3 Nc5
21. Rae1 Nxe4 22. Rxe4 Bf6 23. Bxf6 Rxf6 24. Rc1 Rd8 25. Kf1 Kf8 26. Ke2 Ke7
27. Rg4 g6 28. Rh4 h5 29. Rc7+ Rd7 30. Rxd7+ Kxd7 31. Rd4+ Ke7 32. Rc4 Kd7 33.
Rd4+ Ke7 34. Rc4 Kd7 35. Rd4+ 1/2-1/2

[Event "76. Campeonato de Alemania"]
[Site "Altenkirchen GER"]
[Date "2005.02.26"]
[Round "9.6"]
[White "Wisnewski, Christoph"]
[Black "Schlosser, Philipp"]
[Result "0-1"]
[WhiteElo "2401"]
[BlackElo "2570"]
[PlyCount "32"]
[EventDate "2005.02.18"]
[EventType "swiss"]
[EventRounds "9"]
[EventCountry "GER"]
[Source "lmi"]
[SourceDate "2005.02.23"]

1. e4 e6 2. d3 d5 3. Qe2 Nc6 4. Nf3 e5 5. c3 Nf6 6. Nbd2 Bd6 7. d4 O-O 8. dxe5
Nxe5 9. Nxe5 Bxe5 10. Nf3 Bg4 11. Qc2 Bd6 12. exd5 Re8+ 13. Be2 Bxf3 14. gxf3
Nxd5 15. Kf1 Qh4 16. Qf5 Bc5 0-1

[Event "76. Campeonato de Alemania"]
[Site "Altenkirchen GER"]
[Date "2005.02.26"]
[Round "9.7"]
[White "Kraemer, Martin"]
[Black "Rabiega, Robert"]
[Result "1/2-1/2"]
[WhiteElo "2357"]
[BlackElo "2539"]
[PlyCount "24"]
[EventDate "2005.02.18"]
[EventType "swiss"]
[EventRounds "9"]
[EventCountry "GER"]
[Source "lmi"]
[SourceDate "2005.02.23"]

1. e4 e5 2. Nf3 Nc6 3. Bb5 a6 4. Ba4 Nf6 5. d3 b5 6. Bb3 Be7 7. O-O O-O 8. a4
b4 9. Re1 d6 10. a5 Be6 11. Nbd2 h6 12. Bc4 Nd7 1/2-1/2

[Event "76. Campeonato de Alemania"]
[Site "Altenkirchen GER"]
[Date "2005.02.26"]
[Round "9.8"]
[White "Fish, Gennadij"]
[Black "Schunk, Thomas"]
[Result "1-0"]
[WhiteElo "2523"]
[BlackElo "2280"]
[PlyCount "85"]
[EventDate "2005.02.18"]
[EventType "swiss"]
[EventRounds "9"]
[EventCountry "GER"]
[Source "lmi"]
[SourceDate "2005.02.23"]

1. Nf3 c5 2. c4 Nf6 3. g3 d5 4. cxd5 Nxd5 5. Nc3 Nc7 6. Bg2 Nc6 7. O-O e5 8. a3
Be7 9. b4 cxb4 10. axb4 Nxb4 11. Nxe5 O-O 12. d4 a5 13. Nc4 Ne6 14. d5 Bf6 15.
Ra3 Qc7 16. dxe6 Qxc4 17. Nd5 Bxe6 18. Nb6 Qb5 19. Nxa8 Rxa8 20. Qa4 Qxa4 21.
Rxa4 Bb3 22. Ra3 a4 23. Bxb7 Rd8 24. Be4 g6 25. Bh6 Be5 26. Rb1 Nc2 27. Bxc2
Bxc2 28. Rb5 f6 29. Kg2 Kf7 30. Bf4 Bd4 31. Ra2 Be4+ 32. f3 Bc6 33. Rb4 g5 34.
Bc7 Rd7 35. Rd2 Bc3 36. Rxd7+ Bxd7 37. Rb7 Bc6 38. Rb6 a3 39. Ra6 Bb2 40. Bd6
Bb5 41. Ra7+ Kg6 42. e4 Bd4 43. Rxa3 1-0

[Event "76. Campeonato de Alemania"]
[Site "Altenkirchen GER"]
[Date "2005.02.26"]
[Round "9.9"]
[White "Meier, Georg"]
[Black "Hort, Vlastimil"]
[Result "0-1"]
[WhiteElo "2372"]
[BlackElo "2515"]
[PlyCount "98"]
[EventDate "2005.02.18"]
[EventType "swiss"]
[EventRounds "9"]
[EventCountry "GER"]
[Source "lmi"]
[SourceDate "2005.02.23"]

1. e4 e5 2. Nf3 Nc6 3. Bb5 a6 4. Bxc6 dxc6 5. O-O f6 6. d4 Bg4 7. c3 Bd6 8. Be3
Nh6 9. Bxh6 gxh6 10. h3 Bh5 11. Nbd2 Qe7 12. Qb3 O-O-O 13. Nh4 exd4 14. cxd4
Rhe8 15. Nf5 Qf7 16. Qe3 Bg6 17. Nxd6+ Rxd6 18. f3 f5 19. e5 c5 20. dxc5 f4 21.
Qf2 Rdd8 22. Rfe1 Qd5 23. Ne4 Rxe5 24. Nc3 Qxc5 25. Qxc5 Rxc5 26. Rad1 Rxd1 27.
Rxd1 Rf5 28. Nd5 Rf7 29. Kf2 Rd7 30. Ke1 Bf7 31. Nc3 Rxd1+ 32. Kxd1 Kd7 33. b3
Ke6 34. Ne4 b6 35. g4 fxg3 36. Nxg3 Ke5 37. Ke2 Kf4 38. Kf2 a5 39. Ne2+ Ke5 40.
Ke3 a4 41. f4+ Kf6 42. bxa4 Bxa2 43. Nc3 Bb3 44. Kf3 c6 45. Kg4 Be6+ 46. Kg3
Ke7 47. h4 Kd6 48. Ne4+ Kd5 49. Nf6+ Kd4 0-1

[Event "76. Campeonato de Alemania"]
[Site "Altenkirchen GER"]
[Date "2005.02.26"]
[Round "9.10"]
[White "Braun, Arik"]
[Black "Meins, Gerlef"]
[Result "1-0"]
[WhiteElo "2463"]
[BlackElo "2440"]
[PlyCount "55"]
[EventDate "2005.02.18"]
[EventType "swiss"]
[EventRounds "9"]
[EventCountry "GER"]
[Source "lmi"]
[SourceDate "2005.02.23"]

1. d4 d5 2. c4 dxc4 3. Nf3 Nf6 4. e3 e6 5. Bxc4 a6 6. O-O Nbd7 7. Qe2 b5 8. Bd3
Bb7 9. a4 b4 10. e4 Be7 11. Nbd2 c5 12. Nc4 cxd4 13. e5 Nd5 14. Nxd4 Nc5 15.
Bc2 O-O 16. Rd1 Rc8 17. Qg4 Kh8 18. Qh3 g6 19. Bh6 Rg8 20. b3 Rc7 21. Nf3 Rd7
22. Qg4 Nc3 23. Ng5 Rxd1+ 24. Rxd1 Qe8 25. Nd6 Bxd6 26. Rxd6 Nd5 27. Qh4 Qe7
28. Bf8 1-0

[Event "76. Campeonato de Alemania"]
[Site "Altenkirchen GER"]
[Date "2005.02.26"]
[Round "9.11"]
[White "Bischoff, Klaus"]
[Black "Schulz, Karsten"]
[Result "1-0"]
[WhiteElo "2555"]
[BlackElo "2310"]
[PlyCount "65"]
[EventDate "2005.02.18"]
[EventType "swiss"]
[EventRounds "9"]
[EventCountry "GER"]
[Source "lmi"]
[SourceDate "2005.02.23"]

1. d4 Nf6 2. c4 e6 3. Nc3 d5 4. cxd5 exd5 5. Bg5 Be7 6. e3 c6 7. Bd3 Nbd7 8. h3
Ne4 9. Bxe7 Qxe7 10. Bxe4 dxe4 11. Qg4 Nf6 12. Qxg7 Rg8 13. Qh6 Rxg2 14. Nge2
Rg6 15. Qh4 Be6 16. O-O-O O-O-O 17. Nf4 Rg7 18. Nh5 Rg6 19. Nf4 Rg7 20. Rhg1
Rdg8 21. Rxg7 Rxg7 22. Nh5 Rg6 23. Nf4 Rg7 24. Nxe4 Bxa2 25. Qxf6 Qxe4 26. Qxg7
Qb1+ 27. Kd2 Qxb2+ 28. Ke1 Bc4 29. Qg4+ Kc7 30. Rd2 Qc3 31. Qd1 Bb3 32. Qb1 a5
33. Qb2 1-0

[Event "76. Campeonato de Alemania"]
[Site "Altenkirchen GER"]
[Date "2005.02.26"]
[Round "9.12"]
[White "Handke, Florian"]
[Black "Tischbierek, Raj"]
[Result "1-0"]
[WhiteElo "2488"]
[BlackElo "2477"]
[PlyCount "59"]
[EventDate "2005.02.18"]
[EventType "swiss"]
[EventRounds "9"]
[EventCountry "GER"]
[Source "lmi"]
[SourceDate "2005.02.23"]

1. d4 d6 2. e4 Nf6 3. Bd3 g6 4. Nf3 Bg7 5. O-O O-O 6. Re1 Nc6 7. a3 Nd7 8. c3
e5 9. Be3 h6 10. Qc1 Kh7 11. Qc2 Nf6 12. h3 Ng8 13. Nbd2 f5 14. exf5 gxf5 15.
dxe5 dxe5 16. Bc5 Nge7 17. Nh4 Kh8 18. Rad1 Qe8 19. Bb5 Qh5 20. Bxc6 Qxh4 21.
Nf3 Qf6 22. Nxe5 Nxc6 23. Bxf8 Nxe5 24. Bxg7+ Kxg7 25. Qe2 Nf7 26. Qc4 c6 27.
Re8 b6 28. Qf4 c5 29. Qc7 Bb7 30. Re7 1-0

[Event "76. Campeonato de Alemania"]
[Site "Altenkirchen GER"]
[Date "2005.02.26"]
[Round "9.13"]
[White "Breutigam, Martin"]
[Black "Schneider, Bernd"]
[Result "1/2-1/2"]
[WhiteElo "2403"]
[BlackElo "2293"]
[PlyCount "97"]
[EventDate "2005.02.18"]
[EventType "swiss"]
[EventRounds "9"]
[EventCountry "GER"]
[Source "lmi"]
[SourceDate "2005.02.23"]

1. d4 Nf6 2. c4 e5 3. dxe5 Ng4 4. Bf4 Nc6 5. Nf3 Bb4+ 6. Nbd2 Qe7 7. e3 Ngxe5
8. Nxe5 Nxe5 9. Be2 b6 10. O-O Bxd2 11. Qxd2 Bb7 12. b4 O-O 13. c5 bxc5 14.
bxc5 Bc6 15. Qa5 Rfe8 16. Qxc7 Qxc5 17. Rac1 Qd5 18. f3 Qxa2 19. Bxe5 Qxe2 20.
Bd4 Re6 21. Rf2 Qd3 22. Bxa7 Qa3 23. Rb1 h6 24. Rb8+ Re8 25. Rxe8+ Rxe8 26. Bd4
Re6 27. h4 Qd6 28. Qd8+ Qf8 29. Qa5 Qd6 30. h5 Re8 31. g3 Qd5 32. Qxd5 Bxd5 33.
g4 Ra8 34. Kg2 Ra2 35. Bb2 Be6 36. Kg3 f6 37. f4 Bd5 38. Rd2 Be4 39. Kh4 d5 40.
g5 fxg5+ 41. fxg5 hxg5+ 42. Kxg5 Kh7 43. Rf2 Kg8 44. Kf4 Ra8 45. Rh2 Rf8+ 46.
Kg4 Rf1 47. Be5 Rg1+ 48. Bg3 Rg2 49. Rxg2 1/2-1/2

[Event "76. Campeonato de Alemania"]
[Site "Altenkirchen GER"]
[Date "2005.02.26"]
[Round "9.14"]
[White "Muranyi, Karl-Jasmin"]
[Black "Alber, Horst"]
[Result "1/2-1/2"]
[WhiteElo "2365"]
[BlackElo "2387"]
[PlyCount "126"]
[EventDate "2005.02.18"]
[EventType "swiss"]
[EventRounds "9"]
[EventCountry "GER"]
[Source "lmi"]
[SourceDate "2005.02.23"]

1. d4 g6 2. c3 Bg7 3. Bf4 Nf6 4. h3 d6 5. Nf3 O-O 6. e3 c5 7. Nbd2 cxd4 8. exd4
Be6 9. Bc4 Bxc4 10. Nxc4 Nbd7 11. O-O Nd5 12. Bh2 N7f6 13. Qb3 Rc8 14. Rfe1 Rc6
15. a3 Qc7 16. Ncd2 b5 17. a4 bxa4 18. Qxa4 Rb8 19. Qxa7 Rxb2 20. c4 Nb6 21.
Rxe7 Qxa7 22. Raxa7 Nc8 23. Ra8 Bf8 24. Re1 Nb6 25. Rd8 Rc8 26. Rxc8 Nxc8 27.
Bf4 Nb6 28. c5 dxc5 29. dxc5 Nbd5 30. Bd6 Rc2 31. Ne4 Ne8 32. Nd4 Rc4 33. Nb5
h6 34. Nd2 Nxd6 35. cxd6 Rc8 36. Ne4 f5 37. Nd2 Nf6 38. Nf3 Rb8 39. Nfd4 Ne4
40. g4 Nxd6 41. Nxd6 Bxd6 42. gxf5 gxf5 43. Nxf5 Bf8 44. Re6 Kf7 45. Rc6 h5 46.
Kg2 Rb5 47. Ng3 Bg7 48. Ne4 Ra5 49. Rc5 Rxc5 50. Nxc5 Kg6 51. Ne4 Be5 52. Kf3
Bc7 53. Nc3 Bb6 54. Nd5 Ba7 55. Kg3 Bb8+ 56. f4 Ba7 57. Kf3 Bd4 58. Ke4 Bb2 59.
h4 Bg7 60. f5+ Kf7 61. Kf4 Bh6+ 62. Ke5 Bd2 63. Nf4 Be1 1/2-1/2

[Event "76. Campeonato de Alemania"]
[Site "Altenkirchen GER"]
[Date "2005.02.26"]
[Round "9.15"]
[White "Henrichs, Thomas"]
[Black "Schunk, Eduard"]
[Result "1/2-1/2"]
[WhiteElo "2407"]
[BlackElo "2337"]
[PlyCount "21"]
[EventDate "2005.02.18"]
[EventType "swiss"]
[EventRounds "9"]
[EventCountry "GER"]
[Source "lmi"]
[SourceDate "2005.02.23"]

1. e4 e5 2. Nf3 Nc6 3. Bb5 g6 4. c3 a6 5. Ba4 d6 6. d4 Bd7 7. O-O Bg7 8. dxe5
dxe5 9. Bg5 f6 10. Be3 Qe7 11. Nbd2 1/2-1/2

[Event "76. Campeonato de Alemania"]
[Site "Altenkirchen GER"]
[Date "2005.02.26"]
[Round "9.16"]
[White "Reuss, Andreas"]
[Black "Bastian, Herbert"]
[Result "1/2-1/2"]
[WhiteElo "2370"]
[BlackElo "2400"]
[PlyCount "152"]
[EventDate "2005.02.18"]
[EventType "swiss"]
[EventRounds "9"]
[EventCountry "GER"]
[Source "lmi"]
[SourceDate "2005.02.23"]

1. d4 Nf6 2. c4 g6 3. Nc3 Bg7 4. e4 O-O 5. f3 c5 6. dxc5 b6 7. cxb6 Qxb6 8.
Nge2 Nc6 9. g3 Ne5 10. Nf4 e6 11. Qe2 Ba6 12. b3 d5 13. exd5 exd5 14. Nfxd5
Nxd5 15. Nxd5 Qd4 16. Rb1 Bb7 17. Be3 Bxd5 18. cxd5 Qxd5 19. Rd1 Nxf3+ 20. Kf2
Nd4 21. Qd3 Qf3+ 22. Kg1 Rad8 23. Bg5 Rc8 24. h4 Rfe8 25. Qxf3 Nxf3+ 26. Kg2
Nxg5 27. hxg5 Rc2+ 28. Kh3 Rxa2 29. Bc4 Rf2 30. Rd7 a5 31. Rhd1 Be5 32. R1d3
Kg7 33. Ra7 Bb8 34. Rb7 Rf8 35. Rdd7 Be5 36. Ra7 Bc3 37. Be6 Bd2 38. Kg4 Bb4
39. Rdc7 Rf1 40. Rd7 Rf2 41. Rdc7 Bd6 42. Rd7 Bb8 43. Rab7 Be5 44. Ra7 Bb2 45.
Rab7 Bc1 46. Ra7 Kg8 47. Rab7 h6 48. gxh6 Bxh6 49. Bc4 Kg7 50. Ra7 Be3 51. Rab7
Bc1 52. Ra7 Bb2 53. Rab7 Be5 54. Ra7 Rf5 55. Be6 Rf6 56. Bc4 Rf2 57. Rab7 Bc3
58. Rbc7 Bb4 59. Rb7 Ba3 60. Rbc7 Bb2 61. Rb7 Rf6 62. Ra7 Bc3 63. Rac7 Be1 64.
Ra7 Rf5 65. Be6 Rf6 66. Bc4 Bb4 67. Rab7 Bc5 68. Rbc7 Bf2 69. Rb7 Be1 70. Ra7
Bb4 71. Rab7 Bd6 72. Ra7 Bb8 73. Rab7 Be5 74. Ra7 Kh6 75. Rxf7 R8xf7 76. Rxf7
Rxf7 1/2-1/2

[Event "76. Campeonato de Alemania"]
[Site "Altenkirchen GER"]
[Date "2005.02.26"]
[Round "9.17"]
[White "Solonar, Stephan"]
[Black "Scherer, Max"]
[Result "0-1"]
[WhiteElo "2393"]
[BlackElo "2325"]
[PlyCount "56"]
[EventDate "2005.02.18"]
[EventType "swiss"]
[EventRounds "9"]
[EventCountry "GER"]
[Source "lmi"]
[SourceDate "2005.02.23"]

1. Nf3 b6 2. g3 Bb7 3. Bg2 e6 4. O-O f5 5. c4 Nf6 6. d4 Bd6 7. Nc3 O-O 8. b3
Nc6 9. Bb2 Ne7 10. Qc2 Bb4 11. Nd1 Be4 12. Qc1 c6 13. a3 Bd6 14. Nc3 Bc7 15.
Rd1 Rc8 16. e3 h6 17. Nxe4 fxe4 18. Nd2 d5 19. f4 exf3 20. Bxf3 Nf5 21. e4 dxe4
22. Nxe4 Nxe4 23. Bxe4 Bxg3 24. hxg3 Nxg3 25. Qe3 Nxe4 26. Qxe4 Qg5+ 27. Kh1
Rf6 28. Rd3 Rcf8 0-1

[Event "76. Campeonato de Alemania"]
[Site "Altenkirchen GER"]
[Date "2005.02.26"]
[Round "9.18"]
[White "Degitiarev, Jewgenij"]
[Black "Deglmann, Ludwig"]
[Result "0-1"]
[WhiteElo "2297"]
[BlackElo "2361"]
[PlyCount "80"]
[EventDate "2005.02.18"]
[EventType "swiss"]
[EventRounds "9"]
[EventCountry "GER"]
[Source "lmi"]
[SourceDate "2005.02.23"]

1. d4 f5 2. g3 Nf6 3. Bg2 g6 4. Nf3 Bg7 5. O-O O-O 6. c4 d6 7. Nc3 Qe8 8. d5 a5
9. Ne1 c6 10. Nd3 Na6 11. Rb1 Nc7 12. dxc6 bxc6 13. c5 Ba6 14. Bf4 Ne4 15. Bxe4
fxe4 16. Nxe4 d5 17. Bxc7 dxe4 18. Nc1 Bc4 19. f3 Qc8 20. Bb6 Qh3 21. Rf2 Bh6
22. Qd4 Bd5 23. Bc7 Qf5 24. g4 Qg5 25. Bg3 a4 26. f4 Qxg4 27. e3 Rad8 28. Qc3
Bg7 29. Qc2 e5 30. Ne2 h5 31. Kg2 exf4 32. h3 f3+ 33. Kh2 Qg5 34. Nf4 h4 35.
Rg1 hxg3+ 36. Rxg3 Qf5 37. Nxg6 Kh7 38. Qxa4 Be5 39. Nxe5 Qxe5 40. Qa7+ Rf7 0-1

[Event "76. Campeonato de Alemania"]
[Site "Altenkirchen GER"]
[Date "2005.02.26"]
[Round "9.19"]
[White "Ljubarskij, Juri"]
[Black "Asendorf, Joachim"]
[Result "1-0"]
[WhiteElo "2348"]
[BlackElo "2282"]
[PlyCount "144"]
[EventDate "2005.02.18"]
[EventType "swiss"]
[EventRounds "9"]
[EventCountry "GER"]
[Source "lmi"]
[SourceDate "2005.02.23"]

1. e4 c5 2. Nc3 e6 3. f4 d5 4. Bb5+ Bd7 5. Qe2 dxe4 6. Nxe4 Bxb5 7. Qxb5+ Qd7
8. Qxd7+ Nxd7 9. Nf3 Be7 10. d3 Nh6 11. Be3 Rc8 12. O-O-O O-O 13. Rhe1 Nf5 14.
Bf2 Rfd8 15. g4 Nd6 16. Ng3 Bf8 17. g5 c4 18. Ne5 b6 19. Nxc4 Nxc4 20. dxc4
Rxc4 21. Re4 Rc7 22. Re2 Rdc8 23. Ne4 Nc5 24. Nc3 a6 25. Red2 Be7 26. h4 b5 27.
a3 f6 28. Re2 Kf7 29. Rde1 Rc6 30. Kb1 Rd8 31. Be3 Nb7 32. Ne4 Nd6 33. Nxd6+
Rcxd6 34. Ka2 Rd1 35. Kb3 Rxe1 36. Rxe1 e5 37. f5 Rd5 38. a4 g6 39. fxg6+ hxg6
40. gxf6 Bxf6 41. Rf1 Ke7 42. Rg1 Kf7 43. Bg5 Bxg5 44. Rxg5 Kf6 45. c3 Rd2 46.
axb5 axb5 47. Rg4 Kf5 48. Rg5+ Kf6 49. Rg4 Rh2 50. Rb4 Kf5 51. Rxb5 Rxh4 52.
Kc2 g5 53. Kd3 Kf4 54. Rb4+ Kf3 55. Rb8 e4+ 56. Kd4 Ke2 57. c4 Kd2 58. Kc5 e3
59. Rd8+ Ke1 60. Rg8 g4 61. b4 e2 62. b5 Rh5+ 63. Kc6 g3 64. b6 Rh6+ 65. Kc5
Rh7 66. Kc6 Kd2 67. Rd8+ Kc3 68. Re8 g2 69. b7 g1=Q 70. b8=Q Rh6+ 71. Kc7 Qc5+
72. Kd7 Qc6+ 1-0

[Event "76. Campeonato de Alemania"]
[Site "Altenkirchen GER"]
[Date "2005.02.26"]
[Round "9.20"]
[White "Namyslo, Holger"]
[Black "Dresen, Ulrich"]
[Result "1/2-1/2"]
[WhiteElo "2314"]
[BlackElo "2322"]
[PlyCount "65"]
[EventDate "2005.02.18"]
[EventType "swiss"]
[EventRounds "9"]
[EventCountry "GER"]
[Source "lmi"]
[SourceDate "2005.02.23"]

1. e4 g6 2. d4 Bg7 3. Nc3 c6 4. f4 d6 5. Nf3 b5 6. a3 a6 7. Be2 Nd7 8. O-O Ngf6
9. e5 Nd5 10. Ng5 Nxc3 11. bxc3 Nb6 12. Bd3 h6 13. Nf3 Bf5 14. Qe2 e6 15. exd6
Qxd6 16. Bxf5 gxf5 17. Ne5 Qd5 18. Bd2 Bxe5 19. dxe5 Nc4 20. Rad1 O-O-O 21. Bc1
Qc5+ 22. Kh1 Rxd1 23. Rxd1 Rd8 24. Rxd8+ Kxd8 25. h3 Qd5 26. Kh2 Ke8 27. Qf2
Qe4 28. Qa7 a5 29. Qb8+ Ke7 30. Qc7+ Kf8 31. Qd8+ Kg7 32. Qf6+ Kg8 33. Qd8+
1/2-1/2